000 00322nam a22001097a 4500
082 _a954/DHA
100 _aDhania,Dhanpat Singh
_981604
245 _aUnlock The Mystery of Indus Civilization History Deciphrment of Indus Script
260 _aNew Delhi
_bKaveri Books
_c2019
650 _aIndian History
_9227
942 _cBK
999 _c65745
_d65745